000 00532nam a22001937a 4500
003 KOHA_MİRAKIL
005 20250930152849.0
008 250930b tu ||||| |||| 00| 0 tur d
020 _a9786059203432
040 _aTR-AnABB
_btur
_cTR-AnABB
041 _atur
082 _a891.8235
_bAVD 2017
100 1 _aAvdic, Selvedin,
245 1 0 _aYedi korku /
_cSelvedin Avdic
260 _aİstanbul :
_bDedalus Kitap,
_c2017
300 _a175 sayfa ;
_c21 cm
650 0 4 _aBosna Hersek edebiyatı, roman
942 _2ddc
_cBK
999 _c8989
_d8989
900 _bGizem YORULMAZ